Theofilos : lineamenti bio-biblio-iconografici per una monografia sul pittore popolare greco
Αποθηκεύτηκε σε:
| Κύριος συγγραφέας: | |
|---|---|
| Μορφή: | Βιβλίο |
| Γλώσσα: | Italian |
| Δημοσίευση: |
Atella :
Dell' Instituto di Studi Atellani,
1984.
|
| Σειρά: | Paesi e uomini nel tempo
|
| Θέματα: | |
| Ετικέτες: |
Προσθήκη ετικέτας
Δεν υπάρχουν, Καταχωρήστε ετικέτα πρώτοι!
|
MARC
| LEADER | 00000cam a2200000 i 4500 | ||
|---|---|---|---|
| 001 | 1/1479 | ||
| 008 | 950711s1984 it | ||| |||| ||ita|| | ||
| 035 | |l 10014454 | ||
| 040 | |a GR-MyUa |b gre |e AACR2 | ||
| 041 | 0 | |a ita | |
| 082 | 7 | |a 759.95 |2 (22) | |
| 100 | 1 | |a Pezone, Franco E. | |
| 245 | 1 | 0 | |a Theofilos : |b lineamenti bio-biblio-iconografici per una monografia sul pittore popolare greco / |c Franco E. Pezone. |
| 260 | |a Atella : |b Dell' Instituto di Studi Atellani, |c 1984. | ||
| 300 | |a 111 σ. ; |c 24 εκ. | ||
| 490 | 1 | |a (Paesi e uomini nel tempo ; |v 3) | |
| 600 | 0 | 0 | |a Θεόφιλος, |d π. 1871-1934. |
| 650 | 0 | 0 | |a Painters |z Greece. |
| 830 | 0 | |a Paesi e uomini nel tempo | |
| 852 | |a INST |b LESVOS |e 19950711 |h 759.95 PEZ |p 005100007835 |q 005100007835 |t BK |y 0 | ||